[Event "Dortmund"]
[Site "Dortmund"]
[Date "1992.??.??"]
[Round "1"]
[White "Adams, Michael"]
[Black "Huebner, Robert"]
[Result "0-1"]
[WhiteElo "2620"]
[BlackElo "2615"]
[Annotator "Huebner,R"]
[PlyCount "88"]
[EventDate "1992.04.16"]
[EventType "tourn"]
[EventRounds "9"]
[EventCountry "GER"]
[EventCategory "17"]
[SourceTitle "CBM 029"]
[Source "ChessBase"]
[SourceDate "1992.08.01"]
[SourceVersion "1"]
[SourceVersionDate "1992.08.01"]
[SourceQuality "1"]

1. e4 {Ernst Kortschnoj} e5 2. Nf3 Nf6 3. Nxe5 d6 4. Nf3 Nxe4 5. d4 d5 6. Bd3
Bd6 7. O-O O-O 8. c4 Be6 9. Qc2 (9. Nc3 {Ernst} Nxc3 10. bxc3 dxc4 11. Be4 Qc8
12. Ng5 $1 Bf5 13. Qf3 Bxe4 14. Qxe4 g6 15. Qh4 $40 {Gutman.}) 9... f5 10. Nbd2
$6 (10. cxd5 Bxd5 11. Nc3 $2 Nxc3 12. bxc3 Bxf3) (10. c5 $5 Be7 11. Ne5) 10...
c6 11. c5 Bc7 12. b4 Nd7 13. b5 g5 (13... Qf6 14. Rb1 g5 15. bxc6 bxc6 16. Rb7
$13) 14. bxc6 bxc6 15. Qa4 Qf6 (15... Rc8 16. Ba6) 16. Qxc6 Rac8 17. Qa6 g4 (
17... Ndxc5 $6 18. dxc5 Nxc5 19. Qa3 Nxd3 20. Qxd3 Qxa1 21. Nxg5 $44) 18. Nxe4
$1 (18. Ne1 Nb8 19. Qa4 Nxc5 $19) (18. Bxe4 dxe4 (18... Nb8 $2 19. Qa4 fxe4 20.
Ne5 Bxe5 21. dxe5 Qxe5 22. Nb3 $16) (18... fxe4 19. Ng5 (19. Ne1 Nb8) 19... Bf5
20. Qxf6 Rxf6 21. h3 g3 $17) 19. Ne1 (19. Ng5 Bd5 $19) 19... e3 20. fxe3 (20.
Nb3 Bxb3 21. Qxf6 Nxf6 22. axb3 e2 $19) (20. Nb1 exf2+ 21. Rxf2 g3 $17) 20...
Qh6 21. Ndf3 (21. g3 Qxe3+ 22. Kh1 Bd5+ $19) 21... gxf3 22. Nxf3 Nb8 {/\ 23...
Qh5, 24...Bd5 -/+} 23. Qd3 Bd5) 18... fxe4 (18... dxe4 $2 19. Bc4) 19. Ng5 Bf5
20. Qxf6 Rxf6 (20... Nxf6 $6 21. Ba6 h6 (21... Rb8 22. h3) 22. Bxc8 Bxc8 23.
Rb1 $13) 21. Bc2 h6 22. Bb3 hxg5 23. Bxd5+ Kg7 24. Bxg5 Rff8 $6 (24... Rg6 25.
Be3 Nf6 26. Bc4 Rd8 27. Rab1 Bc8 $17) 25. Rfe1 $6 (25. Bb3 $142 {/\ Rac1, 27.d5
}) 25... Ba5 (25... Kg6 $2 26. Be7 Rfe8 27. Bxe4 $16) (25... Nf6 26. Bxf6+ Kxf6
27. Bxe4 Rfd8 28. Bxf5 Kxf5 29. Rad1 Ba5 30. Re5+ Kf6 31. Re4 Kf5 $10) 26. Red1
(26. Rec1 $5 Nf6 $10) 26... Nf6 27. Bb3 Kg6 $2 (27... Rfd8 $142 {Besser} 28.
Rac1 Bb4 $15) 28. Be3 Bc7 29. d5 Be5 30. Rac1 a5 31. g3 Rfd8 32. Bc4 a4 33. d6
a3 (33... Bd7 34. Ba6 Rc6 35. Bb7 $16) 34. Ba6 $1 (34. Bb3 $13) 34... Rb8 35.
Bd4 $1 (35. c6 $2 Bxd6 36. Rxd6 (36. c7 Bxc7 $19) 36... Rxd6 37. Bf4 Rbd8 38.
Bxd6 Rxd6 39. Bb7 Rd2 $19) (35. Bc4 $2 Rb2 36. Bb3 $13) 35... Bxd4 36. Rxd4 Rb2
37. c6 e3 38. fxe3 (38. Rf4 exf2+ 39. Kf1 Rh8 40. Rxf2 Rxf2+ 41. Kxf2 Ne4+ {
/\ Nxd6}) (38. c7 exf2+ 39. Kg2 (39. Kf1 Rh8 40. c8=Q Bxc8 41. Bxc8 Rxh2 $19)
39... Rh8 40. c8=Q Bxc8 41. Rxc8 Rxh2+ $19) 38... Rh8 39. c7 $2 $138 (39. d7
Rbxh2 40. Bf1 Rh1+ 41. Kf2 Ne4+ 42. Ke1 (42. Rxe4 Bxe4 43. c7 R8h2+ 44. Ke1 Bf3
$19 {=game}) 42... Nxg3 43. Kd2 (43. d8=Q Rxd8 44. Rxd8 Rxf1+ 45. Kd2 Ne4+ 46.
Kc2 Ng5+ 47. Kd2 Nf3+ $19) 43... Nxf1+ 44. Kc3 g3 45. d8=Q (45. c7 Bxd7 46.
Rxd7 g2 $19) 45... Rxd8 46. Rxd8 Kg7 $19) (39. Bf1 $1 Rxa2 $8 (39... Rbxh2 40.
Bg2 Be4 41. Rxe4) (39... Rhxh2 40. d7 Be4 41. Rxe4 $18) 40. d7 Rb2 41. d8=Q
Rxd8 42. Rxd8 a2 43. Ra1 $18) 39... Rhxh2 $2 $138 (39... Rbxh2 $19 40. Bf1 (40.
Bb7 Ne4 41. Kf1 (41. Bxe4 Bxe4 $19) 41... Rh1+ 42. Ke2 R8h2+ 43. Kd3 Rd2+ 44.
Kc4 Rxc1+ $19) 40... Rh1+ 41. Kf2 R8h2+ 42. Ke1 Rxf1+ 43. Kxf1 Rh1+ 44. Ke2
Rxc1 $19) 40. d7 $2 (40. Bf1 Bc8 $13) (40. Bb7 $10 Ne4 41. Bxe4 Bxe4 42. Rxe4
Rbg2+ 43. Kf1 Rf2+) 40... Rbg2+ 41. Kf1 Ne4 (41... Nh5 42. Rc6+ Kg7 43. Ke1
Rg1+ 44. Bf1 Nxg3 45. Rf4 Bxd7 46. c8=Q $13) 42. Rxe4 (42. Ke1 Rg1+ 43. Bf1 Rf2
$19) (42. d8=Q {Ernst} Rf2+ 43. Kg1 Rhg2+ 44. Kh1 Nxg3# $19) 42... Bxe4 43. Ke1
Rg1+ 44. Bf1 Bf3 (44... Bd3 $2 45. Rc6+ Kg7 46. Rf6 $18 (46. Rf6 $1 {Ernst}
Kxf6 47. d8=Q+ $18)) 0-1

[Event "FIDE World Cup final"]
[Site "Hyderabad"]
[Date "2002.10.15"]
[Round "1.1"]
[White "Ye, Jiangchuan"]
[Black "Kasimdzhanov, Rustam"]
[Result "0-1"]
[WhiteElo "2667"]
[BlackElo "2653"]
[Annotator "Huzman,A"]
[PlyCount "116"]
[EventDate "2002.10.15"]
[EventType "k.o."]
[EventRounds "3"]
[EventCountry "IND"]
[SourceTitle "CBM 092"]
[Source "ChessBase"]
[SourceDate "2003.02.06"]
[SourceVersion "1"]
[SourceVersionDate "2003.02.06"]
[SourceQuality "1"]

1. e4 e5 2. Nf3 Nf6 3. Nxe5 d6 4. Nf3 Nxe4 5. d4 d5 6. Bd3 Bd6 7. O-O O-O 8. c4
c6 9. Qc2 Na6 10. a3 Re8 11. Nc3 Bf5 12. Be3 Bg6 13. c5 Bc7 14. Ne2 (14. b4 $5
Nb8 15. b5 Nd7 $11) 14... Nb8 15. Bf4 Nd7 {Black has fully solved his
development problems but White's space advantage on the Q- side still provides
him with some chances to get an edge.} (15... Bh5 $5 16. Bxc7 Qxc7 17. Ne5 Bxe2
18. Bxe2 Nd7 $11) 16. Bxc7 Qxc7 17. Nh4 Nef6 18. Nxg6 hxg6 $14 {/=} 19. b4 Re7
20. Qc1 (20. b5 Rae8 21. Rfe1 Nh5 22. Qc3 Ndf6 $132) 20... Rae8 21. Ra2 (21.
Qf4 Qxf4 22. Nxf4 g5 $15) 21... Nf8 22. a4 Ne4 23. b5 $36 {[%cal Ga4a6] <<} Qa5
24. f3 $6 {[%csl Re3]} Nf6 25. Qd2 Qc7 (25... Qxd2 26. Rxd2 $14) 26. a5 cxb5
27. Bxb5 N8d7 28. Qf4 $1 Rc8 29. Qxc7 Rxc7 30. Kf2 $6 (30. a6 $1 bxa6 (30... b6
31. Bxd7 Nxd7 (31... Rexd7 32. cxb6 axb6 33. Rb1 $18) 32. Nf4 $16) 31. Rxa6 $16
{[%csl Gc5]}) 30... Nb8 $1 31. Rb1 (31. a6 $5) 31... Nc6 32. Ra4 g5 33. Nc3 Nd8
34. Rab4 Nc6 35. Ra4 Nd8 36. Ra3 Nc6 37. Rd1 Re6 38. a6 Nb4 39. Ra4 $6 (39. Rb1
$1 Nxa6 (39... bxa6 40. Rxb4 axb5 41. Nxb5 Rce7 42. Rb2 $16) 40. Bxa6 bxa6 41.
Rb8+ Kh7 42. Rd8 Rb7 43. Ra2 $16) 39... Nxa6 40. Bxa6 bxa6 41. Rb1 Rce7 42. Rb2
$2 (42. Rb8+ Kh7 43. Rd8 $1 Ng4+ 44. Kg3 Ne3 45. Nxd5 $16) {[%tqu "En","Find
how Black can improve position of their knight by nice tactical blow.","","",
"f6g4","",10]} 42... Ng4+ $1 43. Kg3 (43. fxg4 $2 Rf6+ 44. Kg3 (44. Kg1 Re1#)
44... Re3#) 43... Ne3 $132 44. h3 f5 $1 45. Kf2 f4 46. Rab4 Kf7 47. Rb8 a5 48.
R8b7 a4 49. Rxe7+ Rxe7 50. Ra2 Rb7 51. Ke2 $2 (51. Rxa4 Rb2+ 52. Ne2 Rb1 53.
Rxa7+ Kg6 54. Ra6+ Kh7 55. Nc3 Rb2+ 56. Ne2 $11) 51... Rb3 52. Nxa4 Nf5 $17 53.
Kf2 $2 (53. Kd2 Nxd4 54. Nc3 Rb7 $17) 53... Nxd4 54. Rd2 Rb4 $19 55. Nc3 (55.
Nb2 Kf6 56. Ke1 a5 57. Nd3 Rb1+ 58. Kf2 Nc6 $19) 55... Ke6 56. Ne2 (56. Ra2 Rc4
57. Ra6+ Ke5 58. Na4 Rc2+ 59. Kg1 Nf5 $1 $19) 56... Nb3 57. Rc2 (57. Ra2 Nxc5 (
57... a5 58. Nc3 Ke5 $19) 58. Rxa7 d4 59. Rxg7 Rb2 60. Ke1 d3 61. Nc3 Rxg2 $17)
57... Rc4 $1 58. Ra2 a5 0-1

[Event "FIDE-Wch k.o."]
[Site "Moscow"]
[Date "2001.11.27"]
[Round "1.1"]
[White "Hamdouchi, Hicham"]
[Black "Tkachiev, Vladislav"]
[Result "1/2-1/2"]
[WhiteElo "2501"]
[BlackElo "2632"]
[Annotator "Huzman,A"]
[PlyCount "40"]
[EventDate "2001.11.27"]
[EventType "k.o."]
[EventRounds "7"]
[EventCountry "RUS"]
[SourceTitle "CBM 086"]
[Source "ChessBase"]
[SourceDate "2002.02.05"]
[SourceVersion "1"]
[SourceVersionDate "2002.02.05"]
[SourceQuality "1"]

1. e4 e5 2. Nf3 Nf6 3. Nxe5 d6 4. Nf3 Nxe4 5. Bd3 d5 6. Qe2 Qe7 7. O-O Nd6 8.
Qd1 g6 9. Nc3 (9. Re1 Be6 10. Bf1 (10. Nc3 c6 11. Bf1 Bg7 12. d4 O-O 13. Bf4
Nd7 14. Qc1 Rae8 15. h3 Nb6 16. b3 Qd8 $11 {1/2-1/2 Moreno Carnero,J-Greenfeld,
A/Ohrid MKD 2001/ (26)}) 10... Bg7 11. d4 O-O 12. Bf4 Nc6 13. c3 Qd7 14. Nbd2
Rfe8 15. h3 f6 16. Qa4 Bf7 17. Rxe8+ Rxe8 18. b4 a6 19. Nb3 $14 {1-0
Morozevich,A-Shirov,A/Astana KAZ 2001/(65)}) 9... c6 10. b4 Bg7 11. Re1 Be6 12.
b5 O-O 13. bxc6 ({More precise was} 13. Ba3 $1 Nd7 (13... Qd7 14. Rb1 (14. Ne5
Qc7 $11)) 14. Rb1 Rab8 15. Na4 $36 (15. Ne2 {[%cal Ge2d4,Ge2f4]} c5 16. Nf4 Qf6
17. Nxe6 fxe6 18. Bb2 Qe7 19. Bxg7 Kxg7 20. Qe2 Rbe8 $15 {[%csl Rd3]})) 13...
Nxc6 $1 14. Ba3 (14. Nxd5 Qd8 (14... Qd7 15. Nc3 Nb4 16. Ne5 Bxe5 17. Rxe5 Nxd3
18. cxd3 Nf5 $44) 15. Nc3 Nb4 16. Ne5 (16. Bf1 Bf5 $17) 16... Qa5 (16... Qg5
17. Ba3 Bxe5 18. Bxb4 Bxh2+ 19. Kxh2 Qh4+ 20. Kg1 Qxb4 21. Ne4 $11) 17. Qe2
Rfe8 $44 {Black have numerous threats.They more than enough compensate
sacrificed pawn.}) 14... Qd7 15. Nb5 Nc4 (15... Nxb5 16. Bxf8 Rxf8 17. Bxb5
Bxa1 18. Qxa1 $14) 16. Bxf8 Bxa1 17. Qxa1 Rxf8 18. Nbd4 (18. Qf6 $5 Re8 19.
Nbd4 Nxd4 20. Nxd4 $14) 18... Bg4 19. Nxc6 (19. Bxc4 dxc4 (19... Nxd4 20. Ne5
$1 Qa4 21. Nxg4 Qxc4 22. Nf6+ Kg7 23. d3 $18) (19... Bxf3 20. Bb5 Bg4 21. Bxc6
bxc6 22. Qc3 $36) 20. Nxc6 Qxc6 21. Ne5 Qc8 22. Qd4 Re8 23. Re3 Bf5 $132) 19...
bxc6 20. Bxc4 (20. Ne5 $142 Nxe5 21. Qxe5 $14) 20... Bxf3 (20... Bxf3 21. Bf1
Bg4 22. Qe5 c5 $11) 1/2-1/2

[Event "Sofia MTel Masters 1st"]
[Site "Sofia"]
[Date "2005.05.21"]
[Round "9"]
[White "Adams, Michael"]
[Black "Anand, Viswanathan"]
[Result "0-1"]
[WhiteElo "2737"]
[BlackElo "2785"]
[Annotator "Huzman,A"]
[PlyCount "120"]
[EventDate "2005.05.12"]
[EventType "tourn"]
[EventRounds "10"]
[EventCountry "BUL"]
[EventCategory "20"]
[SourceTitle "CBM 107"]
[Source "ChessBase"]
[SourceDate "2005.08.01"]
[SourceVersion "1"]
[SourceVersionDate "2005.08.01"]
[SourceQuality "1"]

1. e4 e5 2. Nf3 Nf6 3. Nxe5 d6 4. Nf3 Nxe4 5. d4 d5 6. Bd3 Nc6 7. O-O Be7 8. c4
Nb4 9. Be2 O-O 10. Nc3 Bf5 11. a3 Nxc3 12. bxc3 Nc6 13. Re1 Re8 14. cxd5 Qxd5
15. Bf4 Rac8 16. Bg3 $146 Bd6 17. Nd2 {[%cal Ge2f3]} Bxg3 18. hxg3 Na5 {
[%cal Yc7c5]} 19. Qa4 Bd7 20. Qc2 (20. Bf3 Bxa4 21. Bxd5 Rcd8 $11) 20... b6 (
20... Bf5 21. Qb2 (21. Qa4 Bd7 $11) (21. Bd3 Bxd3 22. Qxd3 Nb3 $11) 21... c5
$132) ({Immidiate attack of White centre} 20... c5 $5 {was also possible.} 21.
Bf3 Qd6 $11) 21. Bd3 h6 22. Bh7+ Kf8 23. Be4 Qd6 24. Nf3 (24. Bf5 g6 (24... Kg8
$11) 25. Bxd7 Qxd7 26. Ne4 Kg7 $11) 24... Be6 $1 {[%mdl 32] Anand takes
initiative by this strong manoeuvre of the bishop.} (24... c5 25. Ne5 Be6 $11)
25. Ne5 Bb3 26. Qe2 (26. Qc1 $5 c5 27. Qf4 Kg8 28. Qf5 g6 29. Qf4 cxd4 30. cxd4
Qxd4 31. Ng4 Re7 32. Nxh6+ Kf8 $13) 26... c5 {Bb3 prevents possibility to
defend pawn d4 by Rad1.} 27. Qg4 Rcd8 (27... cxd4 28. Nd7+ Kg8 29. Qf5 Qg6 30.
Qxg6 fxg6 31. cxd4 Red8 32. Ne5 Rxd4 33. Bxg6 $14) 28. Bf5 (28. Qf5 g6 29. Qf4
Kg7 $15) 28... cxd4 29. cxd4 Nc6 $1 (29... g6 $2 30. Bxg6 fxg6 31. Nxg6+ Kg7
32. Nf4+ Kh8 33. Qh5 Rxe1+ 34. Rxe1 Qf6 35. d5 $40) 30. Nxc6 Rxe1+ 31. Rxe1
Qxc6 $15 {[%csl Rd4]} 32. Qe2 Qd6 33. Qf3 Bc4 34. Qe3 Bb5 $1 {[%cal Yd8e8]} (
34... b5 35. g4 $132 {[%cal Gg4g5]}) 35. Rd1 Ba4 36. Rd2 Re8 37. Qc3 h5 $1 38.
Qc1 Qe7 39. Qc3 Qg5 $1 40. Bh3 (40. Qb4+ Kg8 41. Bh3 Bb3 $15) 40... Kg8 41. d5
f5 $1 {[%csl Rh3] Bh3 is out of the game forever now!} 42. d6 $6 (42. Rd4 $1
Bd7 43. Rc4 $1 Qe7 44. Rc7 g5 45. Rxa7 g4 46. Qc7 Rd8 47. Qxb6 $11) 42... Bd7
43. Rd1 Qg6 44. Qc7 (44. Qc1 Qf6 $15) 44... Qe6 45. Qxa7 $6 (45. Qc1 g6 $17 {
[%csl Rh3]}) ({After} 45. f4 $5 {Bh3 is complitely out of the game but it at
least protects pawn g2.It will be very difficult to improve position of Black
because pawn d6 gives White good counterchances.}) 45... b5 (45... g5 $1 46.
Qxb6 (46. Rd3 g4 47. Qxb6 Qf6 $17) 46... g4 $17) 46. Qc5 (46. Kh2 $1 g5 47. Re1
$1 Qf7 (47... Qxe1 48. Qxd7 Qe6 (48... g4 $2 49. Qxf5 gxh3 50. d7 $18) 49. Qc7
Qf6 50. d7 Rf8 51. Bxf5 $16) 48. Rc1 $1 (48. Re7 Rxe7 49. dxe7 Be8 $19 {
[%cal Yg5g4]}) 48... g4 49. Rc7 Rd8 50. Qe3 $1 {[%cal Ge3g5]} Ra8 (50... Qg7
51. Qe7 $18) 51. Qc5 $1 Rd8 (51... gxh3 $2 52. Rxd7 $16) 52. Qe3 $11) (46. f4
g6 $5 $17 {[%csl Rh3]} (46... Qe3+ 47. Qxe3 Rxe3 48. Bxf5 Bxf5 49. d7 $11))
46... g5 $1 47. g4 $2 (47. Qc1 Qg6 48. Qc7 Qf7 49. Qc1 g4 $19) ({Probably the
best chance for White was} 47. Bxf5 $1 Qxf5 48. Qxf5 (48. Rd5 $2 Re1+ 49. Kh2
Qb1 50. Rxg5+ Kf8 51. g4 h4 $19) 48... Bxf5 49. Rd5 Bd7 50. Rxg5+ Kf7 51. Rxh5
Ke6 $5 $17 {But still Black have good possibilities to win pawns d6 and a3 and
convert their advantage into victory.}) 47... hxg4 48. Bxg4 fxg4 $19 49. Qxg5+
Kh7 50. Qh5+ (50. Rd5 Qh6 $1 $19) 50... Kg7 51. Qg5+ Qg6 52. Qc5 Qf6 53. Qa7
Qf5 54. Qd4+ Kg6 55. Qc3 Qe5 56. Qd3+ Kg7 57. Qc2 Rh8 58. Qc7 (58. g3 Rh6 59.
Qc7 Qe4 $1 60. Qxd7+ Kg6 $19) 58... Qh2+ 59. Kf1 Qh1+ 60. Ke2 Re8+ (60... Re8+
61. Kd2 Qh6+ 62. Kd3 Qg6+ 63. Kd2 Qg5+ 64. Kd3 Qf5+ 65. Kd2 Qxf2+ $19) 0-1

[Event "Corus"]
[Site "Wijk aan Zee"]
[Date "2006.01.24"]
[Round "9"]
[White "Leko, Peter"]
[Black "Bacrot, Etienne"]
[Result "1/2-1/2"]
[WhiteElo "2740"]
[BlackElo "2717"]
[Annotator "Huzman,A"]
[PlyCount "98"]
[EventDate "2006.01.14"]
[EventType "tourn"]
[EventRounds "13"]
[EventCountry "NED"]
[EventCategory "19"]
[SourceTitle "CBM 111"]
[Source "ChessBase"]
[SourceDate "2006.04.04"]
[SourceVersion "1"]
[SourceVersionDate "2006.04.04"]
[SourceQuality "1"]

1. e4 e5 2. Nf3 Nf6 3. Nxe5 d6 4. Nf3 Nxe4 5. d4 d5 6. Bd3 Nc6 7. O-O Be7 8. c4
Nb4 9. Be2 O-O 10. a3 Nc6 11. cxd5 Qxd5 12. Nc3 Nxc3 13. bxc3 Bf5 14. Re1 Rfe8
15. Bf4 Rac8 16. Nd2 Na5 (16... Qd7 17. Nc4 Bd6 18. Bxd6 cxd6 19. Ne3 d5 20.
Bf3 Be6 21. c4 Ne7 22. c5 $14 {1/2-1/2 Grazinys,V-Hansen,H/IECG Email 2000/
Corr 2002 (31)}) (16... Bf6 17. Bf3 (17. Nc4 Bg6 18. Ne3 Qa5 19. Qb3 Bg5 20.
Nc4 Qf5 21. Bxg5 Qxg5 22. Bf3 $16 {1-0 Zaitsev,A-Kainov,A/Tula Federation Cup
final 2005 (55)}) 17... Qd7 18. Ne4 Bxe4 19. Rxe4 Rxe4 20. Bxe4 {1-0 Hansen,
S-Docx,S/Gothenburg SWE 2005/(35)}) 17. Nf1 (17. Bf3 Qd7 18. Nb3 (18. Nf1 Bd6
19. Rxe8+ Rxe8 20. Bxd6 cxd6 21. Ne3 Be4 22. h3 {1/2-1/2 Adams,M-Kramnik,V/
Wijk aan Zee NED 2005/(22)}) 18... Nxb3 19. Qxb3 b6 20. a4 Bd6 21. Be3 Be4 22.
Bxe4 Rxe4 $11 {Acs,P-Haba,P/Pardubice 88/(286) 2003/[Haba,P] (26)}) 17... Qb3 (
17... Qd7 18. Ne3 {1/2-1/2 Jakovenko,D-Kramnik,V/Moscow RUS 2005/(18)}) 18. Qd2
Qc2 {Bacrot is heading for an endgame - and he doesn't seem to be afraid of
the imminent pawn sacrifice.} (18... Nc4 19. Bxc4 Qxc4 20. Ne3 Qb5 21. c4 {
1/2-1/2 Lutz,C-Landa,K/Koelln GER 2006/(21)}) 19. Qxc2 Bxc2 20. Bg4 (20. Ne3
Bb3 21. Nf5 (21. Bg4 Be6 $11) 21... Be6 (21... Bf8 22. Bg4 Kh8 23. d5 $5 $36
Bxd5 $140 24. Ne7 $16) 22. Nxe7+ Rxe7 23. Bd3 Rce8 $11) 20... f5 $8 21. Bxf5 (
21. Bf3 Bd6 22. Bxd6 cxd6 23. Rxe8+ Rxe8 24. Ne3 Be4 $11) 21... Bxf5 22. Re5
Nc4 23. Rxf5 c6 $1 (23... c5 $5 24. Nd2 (24. a4 cxd4 25. cxd4 Bf6 26. Rb1 Bxd4
27. Rxb7 Re2 $44) 24... cxd4 25. cxd4 Bxa3 26. Nxc4 Rxc4 27. g3 Bb2 28. Rxa7
Bxd4 29. Rxb7 $14) 24. Bc1 (24. a4 $140 $2 g6 $19) 24... c5 $44 {[%mdl 32]
Black's counterplay against the c3-d4 duo provides him with a full
compensation for the pawn.} 25. a4 (25. Ne3 cxd4 26. cxd4 Bf6 27. Rf4 Bg5 $11)
(25. Rb1 cxd4 (25... b6 $5 26. a4 (26. d5 Bf6 27. Rf4 Nd6 28. Bd2 Re2 $44)
26... Bf6 $1 (26... cxd4 27. cxd4 Bf6 28. Be3 Re4 29. Ng3 Nxe3 30. Rxf6 $16)
27. Be3 Nd6 $15 {[%cal Yd6e4]})) 25... cxd4 26. cxd4 Bf6 27. Be3 Red8 $44 28.
Rd1 (28. Rf4 Nb6 $44) 28... b6 29. h3 (29. Rb5 Na3 30. Rb3 Nc2 31. d5 Rc4 $132)
29... Nb2 30. Ra1 Bxd4 $11 31. a5 Nc4 32. Bxd4 Rxd4 33. axb6 axb6 34. Rb5 Rc5
35. Rbb1 (35. Rxc5 bxc5 36. Rc1 $11) 35... Ra5 36. Ne3 Rxa1 37. Rxa1 Nxe3 38.
fxe3 Rd8 39. Rb1 Rb8 40. Rb5 Kf7 41. Kf2 Ke6 42. e4 Kd6 43. Ke3 Kc6 44. Rg5 Rb7
45. Kd4 Rd7+ 46. Kc4 Ra7 47. Re5 Ra4+ 48. Kb3 Ra7 49. Kc4 Ra4+ 1/2-1/2

[Event "Sofia MTel Masters 1st"]
[Site "Sofia"]
[Date "2005.05.21"]
[Round "9"]
[White "Polgar, Judit"]
[Black "Kramnik, Vladimir"]
[Result "1/2-1/2"]
[WhiteElo "2732"]
[BlackElo "2753"]
[Annotator "Huzman,A"]
[PlyCount "87"]
[EventDate "2005.05.12"]
[EventType "tourn"]
[EventRounds "10"]
[EventCountry "BUL"]
[EventCategory "20"]
[SourceTitle "CBM 107"]
[Source "ChessBase"]
[SourceDate "2005.08.01"]
[SourceVersion "1"]
[SourceVersionDate "2005.08.01"]
[SourceQuality "1"]

1. e4 e5 2. Nf3 Nf6 3. Nxe5 d6 4. Nf3 Nxe4 5. d4 d5 6. Bd3 Nc6 7. O-O Be7 8. c4
Nb4 9. Be2 O-O 10. a3 Nc6 11. cxd5 Qxd5 12. Nc3 Nxc3 13. bxc3 Bf5 14. Re1 Rfe8
15. Bf4 Rac8 16. Bd3 b5 $146 17. Qb1 (17. a4 $5) 17... Bxd3 18. Qxd3 a6 19. a4
b4 20. Rac1 (20. c4 $5 Qd7 21. d5 Bf6 22. Rad1 Rxe1+ 23. Rxe1 Ne7 (23... a5 $5
24. Bg5 Bc3 25. Bd2 Bxd2 26. Nxd2 Ne7 27. Nb3 $14) 24. Be5 (24. Ne5 Bxe5 25.
Bxe5 Ng6 $11) 24... Bxe5 25. Nxe5 Qxa4 26. Qe2 Rf8 27. Nd3 Re8 (27... Ng6 28.
Nc5 $1 Qa3 29. Nd7 $18) 28. Qb2 b3 29. Qc3 Ng6 30. Rxe8+ Qxe8 31. Qxb3 Nf4 $11)
(20. Qxa6 bxc3 21. Qd3 Bf6 22. Be3 c2 23. Qxc2 Nxd4 24. Bxd4 Bxd4 25. Nxd4 Qxd4
$11) 20... Bf6 21. Rxe8+ ({White have real chances for advantage after} 21.
cxb4 $5 Rxe1+ (21... Nxb4 22. Qb1 a5 23. Rxc7 Rxe1+ 24. Qxe1 $16) 22. Rxe1 Nxb4
23. Qb1 $1 c5 (23... Nc6 24. Qb7 $16) 24. dxc5 $16) 21... Rxe8 22. cxb4 Nxb4
23. Qc3 (23. Qb1 a5 24. Rxc7 (24. Bxc7 Bxd4 25. Re1 Rxe1+ 26. Qxe1 Bc5 27. Qe8+
Bf8 28. h3 Nd3 $11) 24... Bxd4 $11) 23... Na2 (23... Qf5 24. Bg3 Nd5 25. Qc6
Qe6 26. Qxe6 fxe6 27. Kf1 Rb8 28. Bxc7 Rb4 29. a5 Rb5 $14) 24. Re1 (24. Qc4 $5
Qe4 25. Qxa2 Qxf4 26. Qc4 g6 27. a5 Rd8 28. Qxc7 Qxc7 29. Rxc7 Rd5 $1 (29...
Bxd4 30. Kf1 $14 Bf6 31. Rc6 Ra8 32. Nd2 $14) 30. Rc5 Rxc5 31. dxc5 Kf8 $1 32.
Nd2 Ke7 33. c6 Bc3 34. Ne4 Bxa5 35. Nc5 Bb6 36. Nxa6 Kd6 $11) 24... Rxe1+ 25.
Qxe1 h6 26. Bxc7 Bxd4 $11 27. h3 Bf6 28. Qe8+ Kh7 29. Be5 Qd1+ (29... Bxe5 30.
Qxe5 (30. Nxe5 Qe4 $15) 30... Qd1+ 31. Kh2 Qxa4 32. Qf5+ $11) 30. Kh2 Qe2 31.
Qb8 Bxe5+ 32. Qxe5 Qxe5+ 33. Nxe5 f6 34. Nd3 Kg6 35. Kg3 Kf5 36. Kf3 Nc3 37. a5
Nb5 38. g4+ Kg5 39. Nc5 f5 40. Nxa6 fxg4+ 41. hxg4 Nd4+ 42. Kg3 Nc6 43. Nc7
Nxa5 44. Ne8 1/2-1/2